000 00381nam a2200157Ia 4500
008 230711s9999||||xx |||||||||||||| ||und||
041 _aENG
082 _a720
_bAR-Q
100 _aArcher,Jeffrey
245 2 _aA quiver full of arrows
250 _a1st . Ed.
260 _c1993
_aNew Delhi
_bHarperCollins Publishers India
300 _a265
650 _aArchitecture
942 _cBK
999 _c3429
_d3429